000 01636cam a22005174i 4500
003 PE-LiUPU
005 20250731165527.0
008 150623s1980 sp r 000 0 spa d
020 _a8428504687
020 _a9788428504683
035 _a(Sirsi) i9788428504683
040 _aPE-LiUPU
_bspa
_cPE-LiUPU
_erda
049 _aPRUA
082 0 4 _a241.03
_bR84
_221
100 1 _aRossi, Leandro,
_eautor.
245 1 0 _aDiccionario enciclopédico de teología moral /
_cLeandro Rossi.
250 _a4a. edición.
264 1 _aMadrid, España :
_bEdiciones Paulinas,
_c1980.
300 _a1479 páginas ;
_c20 centímetros
336 _atext
_2rdacontent
337 _aunmediated
_2rdamedia
338 _avolume
_2rdacarrier
500 _aContiene: Suplemento del diccionario enciclopédico de teología moral.
505 0 _aA - V.
526 _aSEG44
526 _aSEG26
526 _aP151
526 _aP150
526 _aP149
526 _aP146
526 _aP145
526 _aP126
526 _aP125
526 _aP92
526 _aP75
526 _aP74
526 _aP27
526 _aP15
910 _adbm
_bncf
_cncf
_d20190529
942 _2ddc
_cBOOK
949 _aRC 241.03 R84
_wDEWEY
_c1
_i25320
_lCCODEBUL1
_mBUL
_r0
_sY
_tBOOK
_u2015-6-24
_xTEOLOGIA
_zUNKNOWN
_0COMPRA
_o.STAFF. Colección Teología
994 _aC0
_bPEPRU
596 _a1
999 _aRC 241.03 R84
_wDEWEY
_c36366
_i25320
_d36366
_f2021-11-8
_g6
_lCCODEBUL1
_mBUL
_p12.70
_q2
_r0
_sY
_tBOOK
_u2015-6-24
_xTEOLOGIA
_PP35
_0COMPRA
_o.STAFF. Colección Teología
980 _81
_gALBERTO SANCHEZ Responsable de Automatización